| 000 | 00932nam a22002057a 4500 | ||
|---|---|---|---|
| 999 |
_c4085 _d4085 |
||
| 001 | 11585 | ||
| 003 | BD-DhUAP | ||
| 005 | 20200318165035.0 | ||
| 008 | 200318s2014 bg ||||| |||| 00| 0 ben d | ||
| 020 | _a9848243097 | ||
| 040 |
_aBD-DhUAP _bBen _cBD-DhUAP _dBD-DhUAP |
||
| 082 |
_223 _a530.11 UDA |
||
| 100 | _aউদয়, তৌহিদূর রহমান। | ||
| 245 |
_aআইনস্টাইন, আপেক্ষিকতা'র তত্ত্ব ও মহাবিশ্ব / _cতৌহিদুর রহমান উদয়। |
||
| 260 |
_aঢাকা, বাংলাদেশ : _bবাংলাদেশ আ্যস্ট্রোনমিক্যাল এসোসিয়েশন, _c২০১৪। |
||
| 300 |
_a২৩১ পৃষ্ঠা : _bচিত্র ; _c২২ সেমি.। |
||
| 650 | _aGeneral relativity (Physics). | ||
| 650 | _aGeneral relativity (Physics). | ||
| 942 |
_2ddc _cBK |
||